000 00513 a2200193 4500
005 20240517135959.0
010 _aB-759086
020 _a9788131908815
_c90.00
035 _aB-759086
037 _bGift/10.5.24
082 _aS
100 _aBarnett, Stephen
_966349
245 _aCount Your Blessing /
_cStephen Barnett,
260 _aNew Delhi
_bPegasus
_c2023
270 _aNew Delhi
300 _a32 p.
_c21cm (Pb)
942 _adpl
_cCH
_2ddc
_hS
_mBAR
999 _c202948
_d202948